John Bunyan : (Record no. 48981)
[ view plain ]
| 000 -LEADER | |
|---|---|
| fixed length control field | 00718nam a2200229Ia 4500 |
| 001 - CONTROL NUMBER | |
| control field | 18725603 |
| 003 - CONTROL NUMBER IDENTIFIER | |
| control field | dti |
| 003 - CONTROL NUMBER IDENTIFIER | |
| control field | |aOCLC/jd |
| 005 - DATE AND TIME OF LATEST TRANSACTION | |
| control field | 20191122132543.0 |
| 008 - FIXED-LENGTH DATA ELEMENTS--GENERAL INFORMATION | |
| fixed length control field | 881108q19001950enkm a 0 0 eng d |
| 040 ## - CATALOGING SOURCE | |
| Original cataloging agency | CPT |
| Transcribing agency | CPT |
| Modifying agency | MSB |
| -- | UtOrBLW |
| 100 1# - MAIN ENTRY--PERSONAL NAME | |
| Personal name | Ellis, J. J. |
| Fuller form of name | (James Joseph), |
| Dates associated with a name | 1853- |
| 245 10 - TITLE STATEMENT | |
| Title | John Bunyan : |
| Remainder of title | the Bedford tinker who became the immortal dreamer / |
| Statement of responsibility, etc | by J. J. Ellis. |
| 260 ## - PUBLICATION, DISTRIBUTION, ETC. (IMPRINT) | |
| Place of publication, distribution, etc | London : |
| Name of publisher, distributor, etc | Pickering & Inglis, |
| Date of publication, distribution, etc | 19?? |
| 300 ## - PHYSICAL DESCRIPTION | |
| Extent | 64 pages : |
| Other physical details | illustrations ; |
| Dimensions | 19 cm. |
| 336 ## - CONTENT TYPE | |
| Content Type Term | text |
| Content Type Code | txt |
| Source | rdacontent. |
| 337 ## - MEDIA TYPE | |
| Media Type Term | unmediated |
| Media Type Code | n |
| Source | rdamedia. |
| 338 ## - CARRIER TYPE | |
| Carrier Type Term | volume |
| Carrier Type Code | nc |
| Source | rdacarrier. |
| 490 0# - SERIES STATEMENT | |
| Series statement | Memoirs of mighty men. |
| 600 10 - SUBJECT ADDED ENTRY--PERSONAL NAME | |
| Personal name | Bunyan, John, |
| Dates associated with a name | 1628-1688. |
| 942 ## - ADDED ENTRY ELEMENTS (KOHA) | |
| Source of classification or shelving scheme | Library of Congress Classification |
| Item type | Books |
| Withdrawn status | Lost status | Source of classification or shelving scheme | Damaged status | Not for loan | Home library | Current library | Shelving location | Date acquired | Inventory number | Total Checkouts | Full call number | Barcode | Date last seen | Price effective from | Koha item type |
|---|---|---|---|---|---|---|---|---|---|---|---|---|---|---|---|
| Library of Congress Classification | BSOP Library | BSOP Library | GC | 11/22/2019 | 42 | PR3331 El5 | 00021395 | 11/22/2019 | 11/22/2019 | Books |
